|
|
|
|
| LEADER |
00000cam a2200000 a 4500 |
| 003 |
Ucuenca |
| 005 |
20230308184014.0 |
| 008 |
013020|1974 sp |||||r|||||||||||spa|| |
| 020 |
|
|
|a 8401410169
|
| 040 |
|
|
|b spa
|
| 041 |
1 |
|
|a spa
|
| 082 |
0 |
|
|a 192
|
| 100 |
1 |
|
|a Russell, Bertrand.
|d 1872-1970
|9 108938
|
| 245 |
|
|
|a Fundamentos de filosofía
|c Bertrand Russell. Traducción R. Crespo y Crespo
|h imp
|
| 264 |
|
|
|a Barcelona
|b Plaza y Janés
|c 1974
|
| 300 |
|
|
|a 633 páginas:
|c 18 cm
|
| 650 |
|
0 |
|a Filosofía británica
|9 108939
|
| 650 |
|
0 |
|a Naturaleza humana
|9 28121
|
| 852 |
|
|
|a UC-CDJBV
|f Donación
|l 1
|m General
|p 20130208
|q 1.00
|r 2
|t si6850
|b 0
|d CDRC
|e CDRC
|g 192 ESTANTERIA CERRADA
|z 2013-30-20
|
| 942 |
|
|
|c BK
|
| 999 |
|
|
|c 64963
|d 64963
|